A SKETCH OF THE HISTORY OF HINDUSTAN (Record no. 27943)
[ view plain ]
| 000 -LEADER | |
|---|---|
| fixed length control field | 00302nam a22001337a 4500 |
| 003 - CONTROL NUMBER IDENTIFIER | |
| control field | SGT |
| 082 ## - DEWEY DECIMAL CLASSIFICATION NUMBER | |
| Classification number | 954 |
| Item number | A72K |
| 100 ## - MAIN ENTRY--PERSONAL NAME | |
| Personal name | KENNE, H.G. |
| 245 ## - TITLE STATEMENT | |
| Title | A SKETCH OF THE HISTORY OF HINDUSTAN |
| 260 ## - PUBLICATION, DISTRIBUTION, ETC. (IMPRINT) | |
| Name of publisher, distributor, etc | IDARAH- I- ADABIYAT DELLI |
| Year of Publication | 1972 |
| 300 ## - PAGE DESCRIPTION | |
| No. of Pages | 476 |
| 650 ## - SUBJECT ADDED ENTRY--TOPICAL TERM | |
| Topical term or geographic name as entry element | INDIAN HISTORY |
| 942 ## - ADDED ENTRY ELEMENTS (KOHA) | |
| Source of classification or shelving scheme | Dewey Decimal Classification |
| Koha item type | Books |
| Withdrawn status | Lost status | Source of classification or shelving scheme | Damaged status | Not for loan | Home library | Current library | Shelving location | Date acquired | Cost, normal purchase price | SGTU | Total Checkouts | Full call number | Accession No. (Barcode) | Date last seen | Bill Date | Koha item type |
|---|---|---|---|---|---|---|---|---|---|---|---|---|---|---|---|---|
| Dewey Decimal Classification | Not For Loan | SGT Chancellor's Library | SGT Chancellor's Library | Reference Book | 05/12/2024 | 45.00 | SGTU | 954 A72K | CH933 | 05/12/2024 | 05/12/2024 | Books |